000 00813nam a2200253 i 4500
001 181887
003 ES-MaACL
005 20240521111717.0
008 130506s2003 sp | |||| ||spa d
020 _a84-932972-7-5
080 _a821.134.2-14"19"
100 1 _aPlaza, Carmen.
_9145185
245 1 0 _aFuera del paraíso
_b: poesía /
_cCarmen Plaza ; prólogo de Joaquín Marco.
250 _a1ª ed.
260 _aBarcelona :
_bComte d'Aure,
_c2003.
300 _a64 p. ;
_c21 cm.
490 1 _aArpa ;
_v3
700 1 _aMarco, Joaquín,
_d1935-2020
_976466
830 0 _aArpa ;
_v3
_9191697
852 _aES-MaACL
_jA-12598
_9188795
_bR.148641
_cDEPO1
_dOlim: N-5601
_xDonación: Carmen Plaza
903 _9145185
_aPlaza, Carmen
_ednr
942 _2udc
_cMONOGRAFIA
999 _c181887
_d181887